000 00450nam a2200169Ia 4500
008 110201s9999 xx 000 0 und d
082 _bB4552
_aE 113
100 _aPARKINSON C. NORTHCOTE
245 _aTHE LAW AND THE PROFITS
260 _bPENGUIN BOOK INDIA
365 _b0
600 _aPARKINSON C. NORTHCOTE
630 _aTHE LAW AND THE PROFITS
700 _aPARKINSON C. NORTHCOTE
730 _aTHE LAW AND THE PROFITS
942 _cBOOK
999 _c830816
_d830813